000
00232nam a2200097 a 4500
005
20201002031235.0
008
130409s1981 000 spa d
245
3
_a
El cacaotalero.
260
_a
Santo Domingo,
_c
1981.
999
_c
37857
_d
37857
040
_a
DO-SdBNP